000 00517cam a22002174a 4500
005 20250605164251.0
008 250528s ||||||||||||||||||||||||d
035 _a21734
020 _a9780354003434
040 _aGR-AtMCL
_bgre
_dGR-AtMCL
_eAACR2
245 1 _aHANDBOOK ON ENTERPRISE ARCHITECTURE
250 _a1
260 _bSpringer,
_c2003
300 _a787
700 1 _aBernus P.
_97662
700 1 _aNemes L
_97663
700 1 _aSchmidt G
_97664
942 _cBK
999 _c6793
_d6793